000 00737nam a22002297a 4500
003 UA-OsUOA
001 98485
007 ta
008 20130415b un ||||| |||| 00| 0 ukr d
100 _aПомпеев Ю.
090 _a821.161.1
_bП55
942 _cBK
040 _aUA-OsUOA
_brus
_cUA-OsUOA
_dUA-OsUOA
245 _aФевральский выхрь. Эти великие полгода
_bдилогия о революционных собитиях 1917 года
300 _a688 с.
955 _a3
041 _arus
080 _a821.161.1
260 _aЛенинград
_bСоветский писатель
_c1987
650 7 _a82 Література. Літературознавство
_2UDC
999 _c384399
_d384399